Estadísticas para Cultura general

Haz click aquí para intentar la prueba.

Estadísticas generales

  • Esta prueba ha sido intentada 155 veces
  • La puntuación promedio es 9 de 15

Estadísticas de respuestas

HintRespuesta% Correcto
Tipo de animal que es la ballenamamífero
95%
Autor de la última cenaLeonardo da Vinci
90%
Línea imaginaría que divide nuestro planeta en hemisferiosEcuador
85%
País de origen de los juegos olímpicosGrecia
76%
Estilo arquitectónico de la catedral de Notre Dame en parísGótico
74%
Lugar más frío de la tierraAntártida
69%
Nacionalidad de Pablo NerudaChile
64%
Parte del cuerpo donde se produce la insulinaPáncreas
64%
Un animal que tenga todas las vocales en su nombreMurciélago
59%
Valor de Pi3.1416
57%
Videojuego más vendido del mundoMinecraft
54%
Océano más grandeOcéano pacífico
51%
Tercer planeta del sistema solarPlaneta tierra
25%
Animal que no sudaCerdo
17%
Rio mas grande de Méxicorio bravo
15%

Distribución de puntuación

Porcentaje por número respondido

Porcentaje de gente con cada puntuación

Historial de tus puntuaciones

No has intentado esta prueba.